Ganga rejuvenation and water conservation (Record no. 527950)

000 -LEADER
fixed length control field 01107nam a22001457a 4500
008 - FIXED-LENGTH DATA ELEMENTS--GENERAL INFORMATION
fixed length control field 241009b ||||| |||| 00| 0 eng d
100 ## - MAIN ENTRY--PERSONAL NAME
Personal name Singh, Seema
245 ## - TITLE STATEMENT
Title Ganga rejuvenation and water conservation
260 ## - PUBLICATION, DISTRIBUTION, ETC. (IMPRINT)
Place of publication, distribution, etc Yojana
300 ## - PHYSICAL DESCRIPTION
Extent 68(10), Oct, 2024: p.28-33
520 ## - SUMMARY, ETC.
Summary, etc India’s iconic Rever Ganga, revered as ‘Maa Ganga’, faces severs pollution and environmental degradation despite its cultural, spiritual, and econlogical significance. Launched in 1986, the Ganga Action plan amide to reduce pollution, but its success was limited. The Namani Gange Programme ( 2014) has made significant progress in sewage treatment, riverfront development, and public awareness. However, challenges persist due to inadequate infrastructure, climate change, and groundwater extraction. Restoring the Ganga requires collective effort, financial investment, and suitable practices. It’s not just an environmental challenge, but a moral and spiritual responsibility to safeguard India’s heritage and future.- Reproduced
773 ## - HOST ITEM ENTRY
Main entry heading Yojana
906 ## - LOCAL DATA ELEMENT F, LDF (RLIN)
Subject DIP WATER RESOURCES
942 ## - ADDED ENTRY ELEMENTS (KOHA)
Item type Articles
Holdings
Withdrawn status Lost status Source of classification or shelving scheme Damaged status Not for loan Permanent location Current location Date acquired Serial Enumeration / chronology Barcode Date last seen Koha item type
          Indian Institute of Public Administration Indian Institute of Public Administration 2024-10-09 68(10), Oct, 2024: p.28-33 AR133381 2024-10-09 Articles

Powered by Koha